Computer science : achievements and opportunities /

Guardado en:
Autor Corporativo: National Science Foundation (U.S.). Advisory Committee for Computer Research.
Otros Autores: Hopcroft, John E., 1939-, Kennedy, Kenneth W., Curtis, Kent K.
Formato: Libro
Idioma:English
Publicado: Philadelphia : Society for Industrial and Applied Mathematics, 1989.
Series:Siam reports on issues in the mathematical sciences
Materias:
Acceso en línea:Texto completo
Etiquetas: Agregar Etiqueta
Sin Etiquetas, Sea el primero en etiquetar este registro!
LEADER 01295nam a22002895a 4500
001 EIQ.libpla000218
008 051103s1989####pau###########000#0#eng#d
005 20060510180649.0
245 1 0 |a Computer science :  |b achievements and opportunities /  |c report of the NSF Advisory Committee for Computer Research ; John E. Hopcroft and Kenneth W. Kennedy, chairs. 
260 |a Philadelphia :  |b Society for Industrial and Applied Mathematics,  |c 1989. 
300 |a vii, 78 p. ;  |c 25 cm. 
440 0 |a Siam reports on issues in the mathematical sciences 
500 |a "This volume is dedicated to Kent K. Curtis.". 
505 0 |a Scientific contributions of computer science -- Initiatives report 
020 |a 0087871236x 
700 1 |a Hopcroft, John E.,  |d 1939- 
700 1 |a Kennedy, Kenneth W. 
700 1 |a Curtis, Kent K. 
710 2 |a National Science Foundation (U.S.).  |b Advisory Committee for Computer Research. 
600 1 0 |a Curtis, Kent K. 
650 4 |a Informática  |x Teoría. 
650 4 |a Computadores  |x Informe. 
650 4 |a Computer science  |x Theory. 
650 4 |a Computer science  |x Reports. 
040 |a AR-BbSID  |b spa  |c AR-BbSID 
856 |u http://www.siam.org/about/science/pdf/computerscience.pdf  |y Texto completo  |z Acceso público  |f pdf. 
859 |a AR-BbSID  |b BIB. PLAPIQUI  |h 515.35  |i H 1  |p 4407